Länder Südostasiens - Statistiken

Allgemein
  • Dieses Quiz wurde 25 mal gespielt
  • Das Durchschnittsergebnis liegt bei 9 aus 11
Antwortstatistiken
Land % Korrekt
Thailand
100%
Indonesien
96%
Vietnam
96%
Kambodscha
88%
Laos
88%
Malaysia
88%
Myanmar
83%
Singapur
83%
Philippinen
79%
Osttimor
71%
Brunei
67%
Keine übereinstimmenden Quizze gefunden
Verteilung der Resultate
Anzahl Personen mit jedem Resultat
Perzentil nach korrekt beantworteten Fragen
Ihre Resultats-Entwicklung
Sie haben dieses Quiz noch nicht gespielt